[Event "Saint John op-2"]
[Site "Saint John CAN"]
[Date "1988.??.??"]
[Round "?"]
[White "Fong, Juan"]
[Black "Southam, Todd"]
[Result "1-0"]
[WhiteElo "2220"]
[BlackElo "2295"]
[PlyCount "65"]
[GameId "2160767912586665"]
[EventDate "1988.02.08"]
[EventType "swiss"]
[EventRounds "9"]
[EventCountry "CAN"]
[SourceTitle "CBM 006"]
[Source "ChessBase"]
[SourceDate "2004.01.01"]
[SourceVersion "1"]
[SourceVersionDate "2004.01.01"]
[SourceQuality "1"]

1. e4 e5 2. d4 exd4 3. Bc4 Nc6 4. Nf3 Nf6 5. O-O Nxe4 6. Re1 d5 7. Nxd4 Be7 8. Bb5 Bd7 9. Nb3 O-O 10. Qxd5 Nf6 11. Qd1 a6 12. Be2 Bd6 13. Bg5 h6 14. Bh4 Ne5 15. N1d2 Ng6 16. Bg3 Bxg3 17. hxg3 b6 18. Bf3 Rb8 19. Ne4 Ne5 20. Nxf6+ Qxf6 21. Rxe5 Qxe5 22. Qxd7 Qxb2 23. Qxc7 a5 24. Qf4 Qxc2 25. Be4 Qb2 26. Bd5 Rbd8 27. Rd1 Rd7 28. Qf5 Re7 29. Nd4 Qc3 30. Nc6 Re1+ 31. Rxe1 Qxe1+ 32. Kh2 Qc3 33. Ne7+ 1-0

[Event "Saint John op-2"]
[Site "Saint John CAN"]
[Date "1988.??.??"]
[Round "?"]
[White "Frias Pablaza, Victor J"]
[Black "Lau, Ralf"]
[Result "1/2-1/2"]
[WhiteElo "2485"]
[BlackElo "2540"]
[PlyCount "92"]
[GameId "2160767912586667"]
[EventDate "1988.02.08"]
[EventType "swiss"]
[EventRounds "9"]
[EventCountry "CAN"]
[SourceTitle "CBM 006"]
[Source "ChessBase"]
[SourceDate "2004.01.01"]
[SourceVersion "1"]
[SourceVersionDate "2004.01.01"]
[SourceQuality "1"]

1. c4 e6 2. Nf3 Nf6 3. g3 d5 4. b3 Be7 5. Bg2 O-O 6. O-O b6 7. d4 Bb7 8. Ne5 Na6 9. cxd5 exd5 10. Nc3 c5 11. dxc5 Nxc5 12. Be3 Re8 13. Rc1 Bf8 14. Bxc5 Bxc5 15. Nd3 Bd6 16. Nb5 Qd7 17. Nxd6 Qxd6 18. Nf4 Qe5 19. e3 Rac8 20. h4 Rxc1 21. Qxc1 Rc8 22. Qa3 a5 23. Rc1 Rxc1+ 24. Qxc1 h6 25. a3 Qd6 26. Qb2 Ba6 27. Bf3 g5 28. hxg5 hxg5 29. Nh5 Nxh5 30. Bxh5 Bd3 31. b4 axb4 32. axb4 Be4 33. Be2 Qe6 34. Kf1 f6 35. Ke1 Kg7 36. Qd4 Qc6 37. f3 Bg6 38. Kf2 Qe6 39. g4 Kh6 40. Bd1 Qd6 41. Ke1 Kg7 42. Kd2 Qh2+ 43. Kc1 Qc7+ 44. Kb2 Qh2+ 45. Ka3 Qc7 46. Kb2 Qh2+ 1/2-1/2

[Event "Saint John op-2"]
[Site "Saint John CAN"]
[Date "1988.??.??"]
[Round "?"]
[White "Frias Pablaza, Victor J"]
[Black "Torre, Eugenio"]
[Result "1/2-1/2"]
[WhiteElo "2485"]
[BlackElo "2545"]
[PlyCount "83"]
[GameId "2160767912586669"]
[EventDate "1988.02.08"]
[EventType "swiss"]
[EventRounds "9"]
[EventCountry "CAN"]
[SourceTitle "CBM 006"]
[Source "ChessBase"]
[SourceDate "2004.01.01"]
[SourceVersion "1"]
[SourceVersionDate "2004.01.01"]
[SourceQuality "1"]

1. d4 d6 2. c4 e5 3. g3 exd4 4. Qxd4 Nc6 5. Qd1 Be6 6. e4 g6 7. Nh3 Bg7 8. Nf4 Bd7 9. Bg2 Ne5 10. Qc2 Ne7 11. Bd2 O-O 12. Bc3 b5 13. cxb5 Bxb5 14. Na3 Ba6 15. O-O-O Qb8 16. Nd5 Nxd5 17. exd5 Re8 18. Kb1 Nd7 19. Bxg7 Kxg7 20. Bf1 Bxf1 21. Rhxf1 Nb6 22. Nb5 Re7 23. Rfe1 Rxe1 24. Rxe1 Nxd5 25. Qc6 a6 26. Qxd5 axb5 27. Re7 Qf8 28. Rxc7 Qe8 29. a3 Rb8 30. Qd4+ Kg8 31. Qxd6 Qe4+ 32. Rc2 Rc8 33. Qd2 h5 34. f3 Qf5 35. f4 h4 36. b3 Kh7 37. Kb2 Qf6+ 38. Ka2 Rd8 39. Qc1 Rd3 40. gxh4 Qxh4 41. Qb2 Qxf4 42. Rf2 1/2-1/2

[Event "Saint John op-2"]
[Site "Saint John CAN"]
[Date "1988.??.??"]
[Round "?"]
[White "Gallagher, Joseph G"]
[Black "Ivanovic, Bozidar"]
[Result "1/2-1/2"]
[WhiteElo "2480"]
[BlackElo "2530"]
[PlyCount "28"]
[GameId "2160767912586672"]
[EventDate "1988.02.08"]
[EventType "swiss"]
[EventRounds "9"]
[EventCountry "CAN"]
[SourceTitle "CBM 006"]
[Source "ChessBase"]
[SourceDate "2004.01.01"]
[SourceVersion "1"]
[SourceVersionDate "2004.01.01"]
[SourceQuality "1"]

1. e4 c5 2. Nf3 Nc6 3. d4 cxd4 4. Nxd4 Nf6 5. Nc3 e5 6. Ndb5 d6 7. Bg5 a6 8. Na3 b5 9. Bxf6 gxf6 10. Nd5 f5 11. c3 Bg7 12. exf5 Bxf5 13. Nc2 O-O 14. Nce3 Be6 1/2-1/2

[Event "Saint John op-2"]
[Site "Saint John CAN"]
[Date "1988.??.??"]
[Round "?"]
[White "Gallagher, Joseph G"]
[Black "Watson, William"]
[Result "1/2-1/2"]
[WhiteElo "2480"]
[BlackElo "2535"]
[PlyCount "89"]
[GameId "2160767912586674"]
[EventDate "1988.02.08"]
[EventType "swiss"]
[EventRounds "9"]
[EventCountry "CAN"]
[SourceTitle "CBM 006"]
[Source "ChessBase"]
[SourceDate "2004.01.01"]
[SourceVersion "1"]
[SourceVersionDate "2004.01.01"]
[SourceQuality "1"]

1. e4 c6 2. d4 d5 3. Nd2 dxe4 4. Nxe4 Nd7 5. Bc4 Ngf6 6. Ng5 e6 7. Qe2 Nb6 8. Bd3 h6 9. N5f3 c5 10. dxc5 Bxc5 11. Ne5 Nbd7 12. Ngf3 Nxe5 13. Nxe5 O-O 14. O-O b6 15. b4 Bd6 16. Bb2 Bb7 17. Rad1 Nd5 18. Be4 Qc7 19. c4 Nf4 20. Qe3 Bxe4 21. Qxe4 Nh5 22. c5 bxc5 23. bxc5 Bxc5 24. Nd7 Rfc8 25. Qf3 Bd6 26. Qxh5 Qxd7 27. Qg4 f6 28. Bxf6 Rc6 29. Rfe1 Rf8 30. Bd4 Rf4 31. Qg6 Qf7 32. Qxf7+ Kxf7 33. g3 Rf5 34. Bxa7 Ra5 35. Be3 Rxa2 36. Rc1 Rac2 37. Rxc2 Rxc2 38. Rc1 Rxc1+ 39. Bxc1 h5 40. Kg2 g6 41. Bg5 Bc5 42. Kf3 Bb6 43. Be3 Bc7 44. h3 Bd6 45. Ke4 1/2-1/2

[Event "Saint John op-2"]
[Site "Saint John CAN"]
[Date "1988.??.??"]
[Round "?"]
[White "Garcia, Gildardo"]
[Black "Ball, Stephen"]
[Result "1-0"]
[WhiteElo "2430"]
[BlackElo "2230"]
[PlyCount "83"]
[GameId "2160767912586676"]
[EventDate "1988.02.08"]
[EventType "swiss"]
[EventRounds "9"]
[EventCountry "CAN"]
[SourceTitle "CBM 06"]

1. e4 c6 2. d4 d5 3. Nc3 dxe4 4. Nxe4 Nf6 5. Nxf6+ gxf6 6. Nf3 Bf5 7. g3 e6 8. Bg2 Nd7 9. O-O Bg7 10. Re1 O-O 11. c3 Re8 12. Bf4 Nb6 13. Qc1 a5 14. Bh6 Bh8 15. Nd2 a4 16. Ne4 Bg7 17. a3 Nc4 18. Re2 Ra5 19. Qf4 Bg6 20. Rae1 Rf5 21. Qc1 Bh5 22. Rc2 Bf3 23. Bxf3 Rxf3 24. Qd1 Bxh6 25. Qxf3 f5 26. Nc5 Qa8 27. Rce2 Nd6 28. Nd7 Qd8 29. Qh5 Bg7 30. Ne5 Qf6 31. f3 Rd8 32. h4 Qe7 33. g4 Ra8 34. Nd3 Ra5 35. Rc2 Rd5 36. Qg5 Qf8 37. Nf4 h6 38. Qh5 Rb5 39. g5 Kh8 40. gxh6 Bxh6 41. Rxe6 Kh7 42. Rxd6 1-0

[Event "Saint John op-2"]
[Site "Saint John CAN"]
[Date "1988.??.??"]
[Round "?"]
[White "Garcia, Gildardo"]
[Black "Eingorn, Vereslav"]
[Result "1/2-1/2"]
[WhiteElo "2430"]
[BlackElo "2570"]
[PlyCount "139"]
[GameId "2160767912586677"]
[EventDate "1988.02.08"]
[EventType "swiss"]
[EventRounds "9"]
[EventCountry "CAN"]
[SourceTitle "CBM 006"]
[Source "ChessBase"]
[SourceDate "2004.01.01"]
[SourceVersion "1"]
[SourceVersionDate "2004.01.01"]
[SourceQuality "1"]

1. e4 e6 2. d4 d5 3. Nc3 Bb4 4. exd5 exd5 5. Nf3 Nf6 6. Bd3 Qe7+ 7. Be3 c5 8. dxc5 Ng4 9. O-O Nxe3 10. fxe3 Bxc3 11. bxc3 Qxe3+ 12. Kh1 O-O 13. Nd4 Qg5 14. Rf3 Nc6 15. Rg3 Qh6 16. Qf3 Be6 17. Nf5 Bxf5 18. Qxf5 g6 19. Qxd5 Rae8 20. Rf1 Re7 21. Rh3 Qg7 22. Rhf3 Qe5 23. Bc4 Rd8 24. Qxe5 Nxe5 25. Re3 Kg7 26. h3 f6 27. Rb1 Rc7 28. Bd3 Rdd7 29. Be4 Rxc5 30. Bxb7 Ra5 31. a4 Rc7 32. Rb4 Nc4 33. Re6 Nb6 34. Bc6 Rc5 35. Bf3 Rxc3 36. a5 Nc4 37. a6 Nb6 38. Bb7 Ra3 39. Kh2 h5 40. Rf4 f5 41. Rd4 Kh6 42. Rdd6 Rg7 43. Rc6 Ra4 44. Rcd6 h4 45. Bc6 Rxa6 46. Be8 Ra5 47. Bxg6 Kg5 48. Be8 Nc4 49. Rg6+ Rxg6 50. Rxg6+ Kf4 51. Rh6 Ne3 52. Rxh4+ Ke5 53. Ba4 Rd5 54. Kg3 Rd2 55. Kf3 Nxg2 56. Rh7 Ne1+ 57. Ke3 Rh2 58. Re7+ Kf6 59. Rxa7 Rxh3+ 60. Kf2 Nxc2 61. Bxc2 Rh2+ 62. Kf3 Rxc2 63. Ra3 Kg5 64. Rb3 Rc1 65. Ra3 Rh1 66. Ra5 Rh3+ 67. Kg2 Rb3 68. Ra4 Re3 69. Kf2 f4 70. Ra8 1/2-1/2

[Event "Saint John op-2"]
[Site "Saint John CAN"]
[Date "1988.??.??"]
[Round "?"]
[White "Garcia, Gildardo"]
[Black "Gligoric, Svetozar"]
[Result "1/2-1/2"]
[WhiteElo "2430"]
[BlackElo "2515"]
[PlyCount "87"]
[GameId "2160767912586678"]
[EventDate "1988.02.08"]
[EventType "swiss"]
[EventRounds "9"]
[EventCountry "CAN"]
[SourceTitle "CBM 06"]

1. e4 d6 2. d4 g6 3. Nf3 Bg7 4. Bc4 Nf6 5. Qe2 O-O 6. e5 dxe5 7. dxe5 Nd5 8. Bd2 Bg4 9. Nc3 Nb6 10. O-O-O Nc6 11. Bb3 e6 12. Bf4 Qe7 13. Qe3 Qb4 14. a3 Qa5 15. Rhe1 Bxf3 16. Qxf3 Nxe5 17. Qxb7 Nec4 18. Qf3 Nxa3 19. Re4 Nb5 20. Nxb5 Qxb5 21. Qd3 Qc6 22. f3 Qc5 23. Qe3 Qa5 24. Kb1 Rfd8 25. Rd3 Rxd3 26. Qxd3 Qc5 27. Qe3 Qc6 28. Be5 Bxe5 29. Rxe5 Rd8 30. Ra5 Nc4 31. Bxc4 Qxc4 32. b3 Qf1+ 33. Kb2 Qxg2 34. h4 Qd2 35. Qxd2 Rxd2 36. Rxa7 Rd7 37. b4 Kf8 38. c4 Ke7 39. Kc3 e5 40. b5 Kd6 41. Ra6+ Ke7 42. Ra7 Kd6 43. Ra6+ Ke7 44. Ra7 1/2-1/2

[Event "Saint John op-2"]
[Site "Saint John CAN"]
[Date "1988.??.??"]
[Round "?"]
[White "Garcia, Gildardo"]
[Black "Wilder, Michael"]
[Result "0-1"]
[WhiteElo "2430"]
[BlackElo "2535"]
[PlyCount "118"]
[GameId "2160767912586679"]
[EventDate "1988.02.08"]
[EventType "swiss"]
[EventRounds "9"]
[EventCountry "CAN"]
[SourceTitle "CBM 06"]

1. e4 c5 2. Nf3 d6 3. d4 cxd4 4. Nxd4 Nf6 5. Nc3 Nc6 6. Bg5 e6 7. Qd2 a6 8. O-O-O h6 9. Be3 Be7 10. f3 Nxd4 11. Bxd4 e5 12. Be3 Be6 13. g4 Rc8 14. h4 Qa5 15. a3 Rxc3 16. Qxc3 Qxc3 17. bxc3 d5 18. exd5 Bxa3+ 19. Kb1 Nxd5 20. Bd2 f6 21. c4 Nb6 22. Ba5 Nd7 23. Bd3 b6 24. Bc3 Ke7 25. g5 Bc5 26. gxf6+ gxf6 27. h5 b5 28. cxb5 axb5 29. Rh4 Nb6 30. Bxb5 Rb8 31. Bb2 Nd5 32. c4 Bf5+ 33. Re4 Nc7 34. Ka2 Nxb5 35. cxb5 Rxb5 36. Re2 Be6+ 37. Kb1 Rb4 38. Rc1 Bc4 39. Rg2 Ke6 40. Kc2 Bd5 41. Kd3 Bxf3 42. Rg8 Be4+ 43. Kc3 Rb7 44. Kc4 Be3 45. Re1 Rc7+ 46. Kb3 Bd5+ 47. Ka4 Bd2 48. Re8+ Kd7 49. Rd1 Ra7+ 50. Kb5 Rb7+ 51. Kc5 Rxb2 52. Rxe5 fxe5 53. Kxd5 Bf4 54. Rg1 Rd2+ 55. Ke4 Rh2 56. Kd5 Ke7 57. Rg6 Rxh5 58. Ra6 Rh1 59. Ke4 Rg1 0-1

[Event "Saint John op-2"]
[Site "Saint John CAN"]
[Date "1988.??.??"]
[Round "?"]
[White "Georgiev, Kiril"]
[Black "Gurevich, Dmitry"]
[Result "1-0"]
[WhiteElo "2595"]
[BlackElo "2475"]
[PlyCount "84"]
[GameId "2160767912586680"]
[EventDate "1988.02.08"]
[EventType "swiss"]
[EventRounds "9"]
[EventCountry "CAN"]
[SourceTitle "CBM 006"]
[Source "ChessBase"]
[SourceDate "2004.01.01"]
[SourceVersion "1"]
[SourceVersionDate "2004.01.01"]
[SourceQuality "1"]

1. d4 Nf6 2. c4 e6 3. Nf3 c5 4. Nc3 cxd4 5. Nxd4 d5 6. Bg5 e5 7. Nf3 d4 8. Nd5 Be7 9. Bxf6 Bxf6 10. g3 Be6 11. Qb3 Bxd5 12. cxd5 Qa5+ 13. Nd2 Nd7 14. Bh3 Nb6 15. d6 O-O 16. Kd1 Bg5 17. Ne4 h6 18. Bf5 Nd5 19. h4 Be3 20. g4 Bf4 21. Kc2 Kh8 22. h5 Nb4+ 23. Kb1 Na6 24. a3 b6 25. d7 Nc5 26. Qc4 Nxe4 27. Bxe4 b5 28. Qc5 Rab8 29. e3 dxe3 30. fxe3 Bg3 31. Ka2 Qd8 32. Rad1 a5 33. Rh3 Bh4 34. Qxe5 f5 35. Bxf5 Bf6 36. Qc5 b4 37. a4 b3+ 38. Kb1 Rb4 39. e4 Be7 40. Qc8 Rxa4 41. Rxb3 Bf6 42. Rb8 Rb4 1-0

[Event "Saint John op-2"]
[Site "Saint John CAN"]
[Date "1988.??.??"]
[Round "?"]
[White "Georgiev, Kiril"]
[Black "Olafsson, Helgi"]
[Result "1/2-1/2"]
[WhiteElo "2595"]
[BlackElo "2510"]
[PlyCount "224"]
[GameId "2160767912586682"]
[EventDate "1988.02.08"]
[EventType "swiss"]
[EventRounds "9"]
[EventCountry "CAN"]
[SourceTitle "CBM 06"]

1. c4 Nf6 2. Nc3 e5 3. Nf3 Nc6 4. d3 Bb4 5. Bd2 O-O 6. e3 Re8 7. Be2 Bf8 8. O-O d5 9. cxd5 Nxd5 10. a3 a5 11. Na4 b6 12. Rc1 Bb7 13. Qc2 g6 14. Rfd1 Bg7 15. Nc3 Nxc3 16. Bxc3 Qe7 17. b4 axb4 18. axb4 Ba6 19. Qb2 Bb5 20. Ra1 Rad8 21. Bf1 Rd7 22. Ne1 Red8 23. Rdc1 Qe6 24. h3 h6 25. Be2 Kh7 26. Bg4 f5 27. Be2 Ne7 28. Nf3 Nc6 29. Ne1 Ne7 30. e4 Nc6 31. Bf3 Rd6 32. Qe2 f4 33. Qa2 Qxa2 34. Rxa2 Bf8 35. Be2 R8d7 36. h4 h5 37. Nf3 Bg7 38. Ng5+ Kh6 39. g3 fxg3 40. Bd2 gxf2+ 41. Kxf2 Rf6+ 42. Kg2 Bf8 43. Rxc6 Bxc6 44. Nf7+ Kh7 45. Nxe5 Rg7 46. Bc3 Re7 47. Nd7 Rxd7 48. Bxf6 Bxb4 49. Be5 Bd6 50. Bxd6 cxd6 51. Rc2 Ba4 52. Rb2 b5 53. d4 Kh6 54. Rb4 Rb7 55. e5 dxe5 56. dxe5 g5 57. hxg5+ Kxg5 58. Kg3 Kf5 59. Bxh5 Kxe5 60. Be8 Kd5 61. Rxa4 bxa4 62. Bxa4 Rb4 63. Bd1 Rd4 64. Bf3+ Ke5 65. Ba8 Kf5 66. Bb7 Rc4 67. Ba8 Rc3+ 68. Kf2 Ke5 69. Bb7 Kd4 70. Ba8 Re3 71. Bb7 Kd3 72. Ba6+ Kd2 73. Bb7 Re7 74. Bd5 Rd7 75. Ba8 Rd8 76. Bb7 Rf8+ 77. Kg3 Ke3 78. Kg4 Kd4 79. Kg3 Rf7 80. Ba8 Ke3 81. Kg4 Kd4 82. Kg3 Kc5 83. Kg2 Kd6 84. Kg3 Ke5 85. Bc6 Rf4 86. Bb7 Kf5 87. Bc8+ Ke4 88. Bg4 Ke3 89. Kh4 Rf8 90. Kg5 Ke4 91. Bd7 Ke5 92. Kg4 Rf4+ 93. Kg3 Ke4 94. Bg4 Rf8 95. Bd7 Rf6 96. Bc8 Rf7 97. Ba6 Rc7 98. Bb5 Rc2 99. Ba6 Rb2 100. Bc8 Rb3+ 101. Kf2 Re3 102. Bb7+ Kf4 103. Kf1 Rb3 104. Ba8 Rb2 105. Bc6 Ke3 106. Kg1 Rf2 107. Bg2 Ke2 108. Kh2 Rf8 109. Bb7 Rg8 110. Kh3 Ke3 111. Kh2 Rg7 112. Ba8 Kf2 1/2-1/2

[Event "Saint John op-2"]
[Site "Saint John CAN"]
[Date "1988.??.??"]
[Round "?"]
[White "Georgiev, Kiril"]
[Black "Thorsteins, Karl"]
[Result "1-0"]
[WhiteElo "2595"]
[BlackElo "2445"]
[PlyCount "93"]
[GameId "2160767912586684"]
[EventDate "1988.02.08"]
[EventType "swiss"]
[EventRounds "9"]
[EventCountry "CAN"]
[SourceTitle "CBM 06"]

1. Nf3 Nf6 2. c4 e6 3. Nc3 d5 4. d4 Be7 5. Bg5 h6 6. Bxf6 Bxf6 7. e3 O-O 8. Rc1 c6 9. Bd3 Nd7 10. O-O dxc4 11. Bxc4 e5 12. h3 exd4 13. exd4 Nb6 14. Bb3 Bf5 15. Re1 a5 16. a4 Re8 17. Rxe8+ Qxe8 18. Qd2 Qd7 19. Re1 Re8 20. Rxe8+ Qxe8 21. Qf4 Be6 22. Qc7 Qd8 23. Qxd8+ Bxd8 24. Bxe6 fxe6 25. b3 Nd7 26. Kf1 Kf7 27. Ke2 Bc7 28. Kd3 Ke7 29. Ne4 Nf6 30. Nc5 b6 31. Ne4 Nd5 32. g3 b5 33. Nc5 Bd6 34. Ne5 Bxe5 35. dxe5 Nb6 36. Kd4 Kf7 37. Nb7 bxa4 38. bxa4 Nxa4 39. Nd8+ Kg6 40. Nxc6 Nb2 41. Nxa5 Nd1 42. f3 Kf7 43. h4 Nf2 44. Nc4 Nh1 45. Nd6+ Kg6 46. Ne4 Kf5 47. h5 1-0

[Event "Saint John op-2"]
[Site "Saint John CAN"]
[Date "1988.??.??"]
[Round "?"]
[White "Georgiev, Krum"]
[Black "Ehlvest, Jaan"]
[Result "1/2-1/2"]
[WhiteElo "2490"]
[BlackElo "2585"]
[PlyCount "87"]
[GameId "2160767912586687"]
[EventDate "1988.02.08"]
[EventType "swiss"]
[EventRounds "9"]
[EventCountry "CAN"]
[SourceTitle "CBM 06"]

1. e4 e6 2. d4 d5 3. Nd2 c5 4. exd5 Qxd5 5. Ngf3 cxd4 6. Bc4 Qd6 7. O-O Nf6 8. Nb3 Nc6 9. Bb5 Bd7 10. Nbxd4 Nxd4 11. Bxd7+ Qxd7 12. Qxd4 Qxd4 13. Nxd4 Bc5 14. Nb3 Bb6 15. Bd2 Ne4 16. Ba5 Bxa5 17. Nxa5 Ke7 18. Rfd1 Rac8 19. c3 Nd6 20. Nb3 Rhd8 21. Nd4 Nc4 22. b3 Ne5 23. c4 Rd7 24. Rd2 Rcd8 25. Rad1 Nc6 26. Nxc6+ bxc6 27. Rxd7+ Rxd7 28. Rxd7+ Kxd7 29. b4 Kd6 30. f4 e5 31. f5 c5 32. a3 Kc6 33. Kf2 f6 34. Ke3 cxb4 35. axb4 h5 36. g3 Kb6 37. Ke4 Kc6 38. Ke3 Kb6 39. Ke4 Kc6 40. Ke3 a6 41. Ke4 Kd6 42. Ke3 Kc7 43. Ke4 Kc6 44. Ke3 1/2-1/2

[Event "Saint John op-2"]
[Site "Saint John CAN"]
[Date "1988.??.??"]
[Round "?"]
[White "Georgiev, Krum"]
[Black "Georgiev, Kiril"]
[Result "1/2-1/2"]
[WhiteElo "2490"]
[BlackElo "2620"]
[PlyCount "39"]
[GameId "2160767912586688"]
[EventDate "1988.02.08"]
[EventType "swiss"]
[EventRounds "9"]
[EventCountry "CAN"]
[SourceTitle "CBM 06"]

1. e4 e5 2. Nf3 Nc6 3. Bb5 a6 4. Ba4 Nf6 5. O-O Be7 6. Re1 b5 7. Bb3 O-O 8. c3 d5 9. exd5 Nxd5 10. a4 Bb7 11. axb5 axb5 12. Rxa8 Bxa8 13. d3 Bf6 14. Na3 b4 15. Nc4 bxc3 16. Ncxe5 Nxe5 17. Nxe5 Qd6 18. d4 cxb2 19. Bxb2 Rb8 20. Bc1 1/2-1/2

[Event "Saint John op-2"]
[Site "Saint John CAN"]
[Date "1988.??.??"]
[Round "?"]
[White "Georgiev, Krum"]
[Black "Petursson, Margeir"]
[Result "1-0"]
[WhiteElo "2490"]
[BlackElo "2540"]
[PlyCount "75"]
[GameId "2160767912586689"]
[EventDate "1988.02.08"]
[EventType "swiss"]
[EventRounds "9"]
[EventCountry "CAN"]
[SourceTitle "CBM 06"]

1. e4 c5 2. Nf3 d6 3. c3 Nf6 4. Be2 g6 5. O-O Bg7 6. d3 O-O 7. Nbd2 e5 8. a3 Nbd7 9. b4 d5 10. Qb3 dxe4 11. dxe4 Qc7 12. a4 b6 13. Bc4 Bh6 14. Re1 Bb7 15. a5 Rae8 16. h4 Re7 17. Ng5 Bg7 18. axb6 axb6 19. Ngf3 h6 20. Nh2 cxb4 21. cxb4 Nb8 22. Bb2 Nc6 23. Nhf3 Ng4 24. Rac1 Qb8 25. Qd1 Rd8 26. b5 Na5 27. Ba2 Red7 28. Qe2 Bf8 29. h5 gxh5 30. Nf1 Bb4 31. Bc3 Bc5 32. Nxe5 Nxf2 33. Qxh5 Ng4+ 34. Kh1 Nf2+ 35. Kh2 Qd6 36. Ng3 Rf8 37. Nf5 Qf6 38. Nxd7 1-0

[Event "Saint John op-2"]
[Site "Saint John CAN"]
[Date "1988.??.??"]
[Round "?"]
[White "Gipslis, Aivars"]
[Black "Chernin, Alexander"]
[Result "1/2-1/2"]
[WhiteElo "2505"]
[BlackElo "2560"]
[PlyCount "30"]
[GameId "2160767912586690"]
[EventDate "1988.02.08"]
[EventType "swiss"]
[EventRounds "9"]
[EventCountry "CAN"]
[SourceTitle "CBM 006"]
[Source "ChessBase"]
[SourceDate "2004.01.01"]
[SourceVersion "1"]
[SourceVersionDate "2004.01.01"]
[SourceQuality "1"]

1. e4 e6 2. d4 d5 3. Nc3 Nf6 4. Bg5 dxe4 5. Nxe4 Be7 6. Bxf6 gxf6 7. Nf3 f5 8. Nc3 Bf6 9. Qd2 O-O 10. g4 fxg4 11. Rg1 e5 12. Bd3 Bg7 13. dxe5 Kh8 14. O-O-O f5 15. exf6 Qxf6 1/2-1/2

[Event "Saint John op-2"]
[Site "Saint John CAN"]
[Date "1988.??.??"]
[Round "?"]
[White "Gipslis, Aivars"]
[Black "Russek Libni, Guil"]
[Result "1-0"]
[WhiteElo "2505"]
[BlackElo "2305"]
[PlyCount "77"]
[GameId "2160767912586691"]
[EventDate "1988.02.08"]
[EventType "swiss"]
[EventRounds "9"]
[EventCountry "CAN"]
[SourceTitle "CBM 006"]
[Source "ChessBase"]
[SourceDate "2004.01.01"]
[SourceVersion "1"]
[SourceVersionDate "2004.01.01"]
[SourceQuality "1"]

1. e4 e6 2. d4 d5 3. Nc3 Nc6 4. Nf3 Nf6 5. Bg5 Be7 6. exd5 Nxd5 7. Bxe7 Qxe7 8. Qd2 Qb4 9. Nxd5 exd5 10. Qxb4 Nxb4 11. Kd2 O-O 12. Re1 Be6 13. Re3 Nc6 14. Bd3 h6 15. Rhe1 a6 16. c3 Rae8 17. Ne5 Nxe5 18. Rxe5 c6 19. b4 g6 20. f4 Bd7 21. c4 Rxe5 22. Rxe5 dxc4 23. Bxc4 Re8 24. Rxe8+ Bxe8 25. Ke3 Kf8 26. d5 Ke7 27. Kd4 cxd5 28. Bxd5 b6 29. Bc4 Bc6 30. g3 Bb7 31. a4 f6 32. Bd3 g5 33. fxg5 hxg5 34. a5 bxa5 35. bxa5 Kd6 36. h4 gxh4 37. gxh4 Ke6 38. h5 Kf7 39. h6 1-0

[Event "Saint John op-2"]
[Site "Saint John CAN"]
[Date "1988.??.??"]
[Round "?"]
[White "Gipslis, Aivars"]
[Black "Semkov, Semko"]
[Result "1/2-1/2"]
[WhiteElo "2505"]
[BlackElo "2470"]
[PlyCount "66"]
[GameId "2160767912586693"]
[EventDate "1988.02.08"]
[EventType "swiss"]
[EventRounds "9"]
[EventCountry "CAN"]
[SourceTitle "CBM 006"]
[Source "ChessBase"]
[SourceDate "2004.01.01"]
[SourceVersion "1"]
[SourceVersionDate "2004.01.01"]
[SourceQuality "1"]

1. e4 c5 2. Nf3 e6 3. Nc3 Nc6 4. Bb5 d6 5. O-O Bd7 6. Re1 Nf6 7. b3 Be7 8. Bb2 O-O 9. h3 Ne5 10. Nxe5 dxe5 11. Bxd7 Nxd7 12. d3 Nb8 13. a4 Nc6 14. Nb5 a6 15. Na3 Qc7 16. Nc4 b5 17. Nd2 Rad8 18. Bc3 Rd7 19. axb5 axb5 20. Ra2 Nb4 21. Bxb4 cxb4 22. Nf3 Rc8 23. Qe2 Bc5 24. Rea1 f6 25. Ra8 Rdd8 26. Rxc8 Rxc8 27. Qe1 Qd6 28. Ra2 Bb6 29. Kf1 Qc5 30. Qe2 Ba7 31. Qd2 Bb6 32. Ra6 Rb8 33. Qe2 Qc8 1/2-1/2

[Event "Saint John op-2"]
[Site "Saint John CAN"]
[Date "1988.??.??"]
[Round "?"]
[White "Gligoric, Svetozar"]
[Black "Burger, Karl"]
[Result "1/2-1/2"]
[WhiteElo "2515"]
[BlackElo "2320"]
[PlyCount "96"]
[GameId "2160767912586694"]
[EventDate "1988.02.08"]
[EventType "swiss"]
[EventRounds "9"]
[EventCountry "CAN"]
[SourceTitle "CBM 06"]

1. d4 d5 2. Nf3 Nf6 3. c4 e6 4. Nc3 Be7 5. Bg5 O-O 6. e3 h6 7. Bh4 b6 8. Be2 Bb7 9. Bxf6 Bxf6 10. cxd5 exd5 11. O-O c5 12. dxc5 Bxc3 13. bxc3 bxc5 14. Rb1 Qc7 15. Qb3 Bc6 16. c4 dxc4 17. Qxc4 Nd7 18. Qc3 Rab8 19. Nd2 Rxb1 20. Rxb1 Rb8 21. Rc1 Bd5 22. a3 Qb7 23. f3 Qb2 24. Kf2 Qxc3 25. Rxc3 Rb2 26. Ke1 Kf8 27. Bd3 Ke7 28. Kd1 Rb8 29. Bf5 Be6 30. Bxe6 Kxe6 31. Kc2 f5 32. e4 g6 33. Re3 f4 34. Rb3 g5 35. Rxb8 Nxb8 36. Kb3 a6 37. Nc4 Nc6 38. Kc3 h5 39. h3 h4 40. Nb2 Kd6 41. Nd3 Na5 42. Nf2 Ke5 43. Ng4+ Ke6 44. Kd3 Ke7 45. Ne5 Ke6 46. Nc4 Nc6 47. Nb2 Kd6 48. Kc3 Ke7 1/2-1/2

[Event "Saint John op-2"]
[Site "Saint John CAN"]
[Date "1988.??.??"]
[Round "?"]
[White "Gligoric, Svetozar"]
[Black "Delaune, Richard K"]
[Result "1-0"]
[WhiteElo "2515"]
[BlackElo "2405"]
[PlyCount "81"]
[GameId "2160767912586696"]
[EventDate "1988.02.08"]
[EventType "swiss"]
[EventRounds "9"]
[EventCountry "CAN"]
[SourceTitle "CBM 006"]
[Source "ChessBase"]
[SourceDate "2004.01.01"]
[SourceVersion "1"]
[SourceVersionDate "2004.01.01"]
[SourceQuality "1"]

1. d4 Nf6 2. c4 e6 3. Nf3 b6 4. Nc3 Bb7 5. e3 Bb4 6. Bd3 O-O 7. O-O d5 8. a3 Bd6 9. cxd5 exd5 10. b4 a5 11. b5 Nbd7 12. Qb3 Qe7 13. a4 Rfe8 14. Ba3 Bxa3 15. Qxa3 g6 16. Qxe7 Rxe7 17. Rfc1 Rc8 18. Rc2 Kf8 19. Rac1 Ke8 20. Ne2 Kd8 21. Nf4 Ne4 22. h4 h6 23. g4 g5 24. hxg5 hxg5 25. Nh5 f6 26. Kg2 Nf8 27. Nd2 Ng6 28. Bxe4 dxe4 29. Nxf6 Re6 30. Nh7 Nh8 31. Nxg5 Rg6 32. Rh1 Rxg5 33. Rxh8+ Kd7 34. Rh7+ Kd6 35. Nc4+ Ke6 36. Ne5 Bd5 37. Kg3 Rgg8 38. Rc1 Rh8 39. Rxh8 Rxh8 40. Ng6 Rc8 41. Nf4+ 1-0